Najdrożsi pilkarze Serie A - Statystyki

Ogólne statystyki
  • Ten quiz został rozwiązany 44 razy
  • Średni wynik to 20 z 54
Statystyki odpowiedzi
Hint Odpowiedź % Poprawnych
75mln Leao
90%
100mln Martinez
90%
80mln Barella
73%
75mln Thuram
73%
35mln Thuram
73%
60mln Vlahovic
73%
75mln Bastoni
70%
60mln Dimarco
63%
50mln Hernandez
63%
45mln Yildiz
55%
35mln Maignan
53%
55mln Lookman
50%
25mln Lukaku
50%
60mln Bremer
48%
30mln Kean
48%
50mln Pulisic
48%
35mln Retegui
48%
50mln Koopmeiners
45%
26mln Kalulu
43%
28mln Lobotka
43%
36mln Conceicao
40%
30mln Dovbyk
40%
40mln Calhanoglu
38%
30mln Bisseck
35%
85mln Kvaratskhelia
35%
28mln Locatelli
35%
40mln Mctominay
33%
50mln Reijnders
33%
27mln Anguissa
30%
32mln Frattesi
30%
35mln Gonzalez
30%
30mln Scamacca
30%
40mln Cambiaso
28%
25mln Gatti
28%
50mln Ederson
25%
40mln Pavard
25%
45mln Buongiorno
23%
28mln Neres
23%
45mln Scalvini
23%
38mln De ketelaere
20%
45mln Luiz
20%
25mln Castro
18%
25mln Ndoye
18%
25mln Ndicka
15%
25mln Rovella
15%
28mln Gudmundsson
13%
32mln Guendouzi
13%
26mln Kone
13%
28mln Ricci
13%
30mln Hien
10%
25mln Tavares
10%
28mln Gila
5%
30mln Kossounou
5%
30mln Fofama
0%
Nie znaleziono quizów pasujących do podanych kryteriów
Rozkład punktacji
Procent ludzi z każdym wynikiem
Percentyl według liczby udzielonych odpowiedzi
Twoja historia wyników
Nie rozwiązałeś tego quizu